| 000 | 01146nam a2200337 i 4500 | ||
|---|---|---|---|
| 001 | 8219 | ||
| 003 | KOSZ 005 | ||
| 005 | 20201215093257.0 | ||
| 008 | 081205s1956 pl a f 001 0 pol | ||
| 015 | _aPB 1956/6553 | ||
| 040 |
_aWA N _cWA N _dKOSZ 005/RW _dKOSZ 005/HR |
||
| 046 | _k1950 | ||
| 080 | _a543.2 | ||
| 100 | 1 |
_aZagórski, Zbigniew Paweł _d(1926-2014) _eAutor |
|
| 245 | 1 | 0 |
_aMetoda polarograficzna w analizie chemicznej / _cZbigniew Zagórski. |
| 260 |
_aWarszawa : _bPaństwowe Wydawnictwo Naukowe, _c1956. |
||
| 300 |
_a594, [1] s., [1] s. tabl. : _bil. ; _c25 cm. |
||
| 336 |
_2rdacontent _aTekst _btxt |
||
| 337 |
_2rdamedia _aBez urządzenia pośredniczącego _bn |
||
| 338 |
_2rdacarrier _aWolumin _bnc |
||
| 380 | _aKsiążki | ||
| 388 | _a1901-2000 | ||
| 388 | _a1945-1989 | ||
| 504 | _aBibliogr. s. [536]-568. Indeks. | ||
| 650 | 4 | _aChemia analityczna | |
| 650 | 4 | _aPolarografia | |
| 658 | _aChemia | ||
| 710 | 2 |
_aPaństwowe Wydawnictwo Naukowe _4pbl. |
|
| 856 |
_uhttp://koha.tu.koszalin.pl/cgi-bin/koha/opac-detail.pl?biblionumber=8219 _yKatalog online BPK |
||
| 942 |
_2UKD _cKS |
||
| 999 |
_c8219 _d8219 |
||